000
00204 a2200097 4500
001
47234
100
_a
Toynbce, A
245
_a
Warand Civilization
260
_a
London
_b
Oxford
_c
090
_c
30282
_d
30282
942
_a
NUST-CAE
_c
M
_c
22539
999
_c
282307
_d
282307